000
00293nam a22001337a 4500
020
_a
0393056430
082
_a
332.6 SOB
100
_a
Sobel,Robert
245
_a
Inside wall street
260
_a
london
_b
Norton W. W.
_c
1977
300
_a
288p.
_b
21cm.
500
_a
Include Index
942
_c
BK
999
_c
15321
_d
15321